| 000 | 00376nam a22001457a 4500 | ||
|---|---|---|---|
| 082 |
_a519.5 _bKAP _cL-4:p-7 |
||
| 100 |
_aJ.N, Kapur _939487 |
||
| 245 | _aMathematical statistics | ||
| 250 | _aKapur, J.N | ||
| 260 |
_aDelhi _bS.Chand & Co _c1960 |
||
| 300 |
_ap400. : _bill. ; _c10 cm. |
||
| 526 |
_a0 _b0 _c0 _d519_500000000000000_KAP |
||
| 650 |
_aMCE _9379 |
||
| 942 |
_2ddc _cBK |
||
| 999 |
_c543969 _d543969 |
||